000 00773nam0a22002411 4500
001 rc\131517
005 20030307112206.1
010 _a5-86622-008-3
_bВернисаж
_9100000
035 _a(NLR Aleph) 005405877
090 _a7322026
_c7322026
100 _a20030307d1992 u |0rusy50 ca
101 0 _arus
102 _aRU
105 _ay |||||||||
200 1 _aБал жертв
_e[Роман
_eПеревод]
_fПонсон дю Террайль
210 _aСтаврополь
_cИзд. фирма "Нартекс"
_d1992
215 _a350, [1] с.
_d21
700 1 _aПонсон дю Террайль
_bП. А.
_f1829-1871
_gПьер Алексис
801 0 _aRU
_bNLR
_gpsbo
801 1 _aRU
_bELAR
_2rusmarc
852 _aNLR
_j92-3/8005
942 _cBOOK
980 _aNB